LEADER 07472oam 22007693u 450 001 996309063303316 005 20240424225733.0 010 $a3-11-048550-8 010 $a1-283-40048-0 010 $a9786613400482 010 $a3-11-025538-3 024 7 $a10.1515/9783110255386 035 $a(CKB)2670000000114565 035 $a(EBL)771236 035 $a(OCoLC)751963473 035 $a(SSID)ssj0000540794 035 $a(PQKBManifestationID)11925916 035 $a(PQKBTitleCode)TC0000540794 035 $a(PQKBWorkID)10492522 035 $a(PQKB)11115852 035 $a(DE-B1597)123640 035 $a(OCoLC)979636757 035 $a(DE-B1597)9783110255386 035 $a(Au-PeEL)EBL771236 035 $a(CaPaEBR)ebr10498677 035 $a(CaONFJC)MIL340048 035 $a(ScCtBLL)140b4798-3350-4302-bf0e-9f53412e74e9 035 $a(MiAaPQ)EBC771236 035 $a(oapen)https://directory.doabooks.org/handle/20.500.12854/58217 035 $a(PPN)175576092 035 $a(EXLCZ)992670000000114565 100 $a20110721d2011 uy 0 101 0 $aeng 135 $aurnnu---|u||u 181 $ctxt 182 $cc 183 $acr 200 04$aThe reparations controversy$b[electronic resource] $ethe Jewish state and German money in the shadow of the Holocaust, 1951-1952 /$fedited by Yaakov Sharett 210 $aBerlin ;$aBoston $cDe Gruyter$dc2011 215 $a1 online resource (416 p.) 300 $aIncludes index. 311 0 $a3-11-025508-1 311 0 $a3-11-218948-5 327 $tFront matter --$tPreface --$tTable of Contents --$tIsraeli Coalition Governments 1950-1952 --$tDocuments --$tThe Reparation Negotiations in Israeli Politics. An Introduction by Yehiam Weitz --$t[1] Direct Contact With Germany Is Inevitable. Cabinet Meeting, 15.2.1950 --$t[2] Shall We Boycott Germany Forever? Cabinet Meeting, 30.10.1950 --$t[3] On Sending an Official Israeli Delegation to Germany. Cabinet Meeting, 27.12.1950 --$t[4] The Cabinet Decides to Send a Delegation to Germany. Cabinet Meeting, 3.1.1951 --$t[5] On Individual Compensation and General Reparations. Cabinet Meeting, 8.2.1951 --$t[6] Compensation Claim From Germany; Release of Nazi War Criminals. Knesset Foreign Affairs and Defense Committee Meeting, 13.3.1951 --$t[7] Demand for Compensation From Germany - Statement by the Foreign Minister. Knesset Session 237, 13.3.1951 --$t[8] Mitigation of Nazi War Criminals' Sentences; Compensation Claim from Germany. Knesset Sessions 242, 26.3.1951; 245, 2.4.1951 --$t[9] Israel Enlists the Jewish Organizations. Cabinet Meeting, 25.10.1951 --$t[10] Review by the Foreign Minister Followed by a Cabinet Debate. Cabinet Meeting, 28.10.1951 --$t[11] The Cabinet Prepares for the Knesset Debate. Cabinet Meeting, 4.11.1951 --$t[12] Israel's Claim for Reparations from Germany. Knesset Sessions 14-15, 4-5.11.1951 --$t[13] The Reparations Agreement with Germany. Central Committee of Israel Labor Party (Mapai) Meeting, 13.12.1951 --$t[14] The Israeli Claim is Accepted as a Basis for Negotiation. Cabinet Meeting, 16.12.1951 --$t[15] Negotiations Immediately - The Opportunity Must Not Be Missed. Cabinet Meeting, 31.12.1951 --$t[16] Reparations: Permissible or Forbidden? Kosher or Non-Kosher? Excerpts from a speech by Moshe Sharett, election meeting, 5.1.1952 --$t[17] The Foreign Minister Reports to the Foreign Affairs and Defense. Committee Before the Knesset General Debate Regarding Direct Negotiations. Knesset Foreign Affairs and Defense Committee Meeting, 7.1.1952 --$t[18] The Reparations Agreement with Germany - General Debate and Decision. Knesset Sessions 38-40, 7-9.1.1952 --$t[19] The Violent Herut Demonstration. Telegram from Moshe Sharett to Israeli Legations, 8.1.1952 --$t[20] Shall We Live in our State as a Diaspora People? Moshe Sharett's Speech, Mapai Activists' Meeting, Tel Aviv 10.1.1952 --$t[21] We Shall Not Relinquish the Plundered Property. Moshe Sharett's Speech, Open Public Meeting, Tel Aviv 12.1.1952 --$t[22] Freedom of Action for the Government. Knesset Foreign Affairs and Defense Committee Meeting, 15.1.1952 --$t[23] The Government is Ready to Enter Negotiations. Cabinet Meeting, 27.1.1952 --$t[24] Meeting With a Delegation of the Jewish Organizations. Cabinet Meeting, 17.2.1952 --$t[25] Facing the Delay in the Negotiations. Cabinet Meeting, 6.4.1952 --$t[26] The Israeli Delegation Reports. Knesset Foreign Affairs and Defense Committee Meeting, 15.4.1952 --$t[27] Waiting for a German Initiative. Mapai Political Committee Meeting, 5.5.1952 --$t[28] No Compromise on Reparations. Knesset Session 77, 6.5.1952 --$t[29] Towards Renewal of Negotiations. Cabinet Meeting, 18.6.1952 --$t[30] Who Will Sign the Reparations Agreement?. Cabinet Meeting, 24.8.1952 --$t[31] It is an Honor to Shoulder the State of Israel's Obligations. An Exchange of Letters between the Legal Adviser of the Foreign Ministry and the Foreign Minister --$t[32] Israel Labor Party Approves the Reparations Agreement. Mapai Political Committee Meeting, 5.9.1952 --$t[33] The Foreign Affairs and Defense Committee Ratifies the Agreement. Knesset Foreign Affairs and Defense Committee Meeting, 5.9.1952 --$t[34] Israel Demonstrates its Strength. Telegram from Foreign Minister Moshe Sharett to the Israeli Ambassador in Washington, 5.9.1952 --$t[35] On the Brink of Signing the Agreement. Cabinet Meeting, 7.9.1952 --$t[36] The Government of Israel Makes its Final Decision. Cabinet Meeting, 8.9.1952 --$t[37] An Historic Achievement for the State of Israel. Foreign Minister Moshe Sharett's Telegram to Israel Legations Abroad, 8.9.1952 --$t[38] Moshe Sharett: A Speech Not Made. Signing Ceremony Speech Draft, 10.9.1952 --$t[39] The Political and Moral Value of the Reparations Agreement by far Outweighs its Economic Significance. The Day After: Foreign Minister Moshe Sharett at a Press Conference, Paris 10.9.1952 --$t[40] Political Wisdom and Moral Pragmatism - Moshe Sharett and the Beginning of Relations with Germany. A Retrospective by Benyamin Neuberger --$tAppendices --$tAppendix A. 200 Hurt As Police Defend Knesset From Herut Riot --$tAppendix B. Biographical Index --$tIndex 330 $aThis book about the reparations issue (""Wiedergutmachung"" in German; ""shilumim"" in Hebrew) brings together selected protocols of all debates held in the Knesset, in its Foreign Affairs and Security Committee, in the Government and in the high councils of the ruling party Mapai, regarding conducting negotiations with the West German Government. This is the first book do 606 $aHolocaust, Jewish (1939-1945)$xReparations 606 $aHolocaust, Jewish (1939-1945)$xReparations$vSources 607 $aIsrael$xForeign relations$zGermany (West) 607 $aGermany (West)$xForeign relations$zIsrael 607 $aIsrael$xPolitics and government$y1948-1967 607 $aGermany$xPolitics and government$y1945-1990 610 $aDocuments. 610 $aGerman-Israeli Relationships. 610 $aKnesset. 610 $aReparations. 615 0$aHolocaust, Jewish (1939-1945)$xReparations. 615 0$aHolocaust, Jewish (1939-1945)$xReparations 676 $a940.53/18144 700 $aYaakov Sharett$4auth$01354855 701 $aSharet$b Ya?ak?ov$0887058 801 0$bMiAaPQ 801 1$bMiAaPQ 801 2$bMiAaPQ 906 $aBOOK 912 $a996309063303316 996 $aThe reparations controversy$93358474 997 $aUNISA LEADER 03081nam 2200613Ia 450 001 9910971976703321 005 20200520144314.0 010 $a0-19-975320-2 010 $a0-19-975297-4 010 $a1-282-70281-5 010 $a9786612702815 035 $a(CKB)24235079000041 035 $a(Au-PeEL)EBL555327 035 $a(CaPaEBR)ebr10402682 035 $a(CaONFJC)MIL270281 035 $a(OCoLC)651602024 035 $a(OCoLC)468853835 035 $a(FINmELB)ELB163603 035 $a(MiAaPQ)EBC555327 035 $a(MiAaPQ)EBC7033797 035 $a(Au-PeEL)EBL7033797 035 $a(OCoLC)655277360 035 $a(EXLCZ)9924235079000041 100 $a20091119d2010 uy 0 101 0 $aeng 135 $aur||||||||||| 181 $ctxt$2rdacontent 182 $cc$2rdamedia 183 $acr$2rdacarrier 200 14$aThe polluters $ethe making of our chemically altered environment /$fBenjamin Ross, Steven Amter 205 $a1st ed. 210 $aNew York $cOxford University Press$d2010 215 $aviii, 223 p. $cill 311 08$a0-19-993096-1 311 08$a0-19-973995-1 320 $aIncludes bibliographical references and index. 327 $aIntro -- Contents -- CHAPTER 1 The Sorcerer's Apprentices -- PART I: Summoning the Spirits -- CHAPTER 2 Pollution Goes to Washington -- CHAPTER 3 The Rise of the Chemical Industry -- CHAPTER 4 Royd Sayers' Service Bureau -- PART II: Fetching a Flood -- CHAPTER 5 The Miracle Bug-Killer -- CHAPTER 6 Wilhelm Hueper and Environmental Cancer -- CHAPTER 7 Bad Air in Los Angeles -- CHAPTER 8 Donora's Strangler Smog -- CHAPTER 9 A New Deal for Clean Water -- CHAPTER 10 Deregulating California's Water -- CHAPTER 11 The Stealth Pollutants -- PART III: Holding Back the Deluge -- CHAPTER 12 DuPont Tries to Clean Up -- CHAPTER 13 The Industry Responds -- CHAPTER 14 From Donora to Love Canal -- CHAPTER 15 Epilogue: Convenient Hopes and Inconvenient Truths -- Key to Archival Citations -- List of Abbreviations -- Notes -- Index -- A -- B -- C -- D -- E -- F -- G -- H -- I -- J -- K -- L -- M -- N -- O -- P -- Q -- R -- S -- T -- U -- V -- W -- X -- Y -- Z. 330 $aThe Polluters brings to light a previously untold story of personal struggle, scientific conflict,and political intrigue over the environment. Research was slanted, unwelcome discoverieswere suppressed, and political strings were pulled as the expanding chemical industry setloose a flood of environmental damage that still engulfs us. 606 $aChemical industry$xEnvironmental aspects$zUnited States 606 $aPollution$xEnvironmental aspects$zUnited States 606 $aPollutants 615 0$aChemical industry$xEnvironmental aspects 615 0$aPollution$xEnvironmental aspects 615 0$aPollutants. 676 $a363.7380973 700 $aRoss$b Benjamin$01639767 701 $aAmter$b Steven$01852017 801 0$bMiAaPQ 801 1$bMiAaPQ 801 2$bMiAaPQ 906 $aBOOK 912 $a9910971976703321 996 $aThe polluters$94446615 997 $aUNINA